[Event "Turkey IS Bank Super League 2017"]
[Site "Darica-Kocaeli"]
[Date "2017.08.04"]
[Round "10"]
[White "Paichadze, Luka"]
[Black "Sadikhov, Ulvi"]
[Result "1/2-1/2"]
[WhiteElo "2581"]
[BlackElo "2494"]
[Annotator "TA"]
[PlyCount "123"]
[EventType "team-tourn"]
[EventCountry "TUR"]
[SourceTitle "playchess.com"]
[Source "ChessBase"]
[SourceQuality "1"]

{[%evp 10,123,50,20,54,61,63,40,62,57,48,36,81,75,93,24,10,-32,43,49,75,74,119,116,119,127,99,97,127,110,133,67,89,0,49,0,73,42,50,12,21,-22,-26,-28,0,0,0,0,0,0,0,0,0,-26,-33,-33,-14,-21,-20,-20,-18,-14,-2,-16,-12,-26,0,0,0,-18,0,0,17,24,12,19,50,14,87,91,81,68,66,75,70,76,72,22,22,23,22,22,34,34,34,38,45,34,34,0,0,0,22,22,22,22,22,22,22,22,22,22,50,0,22,0]} 1. e4 d6 2. d4 Nf6 3. Nc3 e5 4. Nf3 Nbd7 5. Rg1 (5. Bc4 Be7 6. O-O O-O 7. a4 a5 8. Re1 c6 9. Ba2 Re8 10. h3 Bf8 11. Be3 h6 12. Nh4 exd4 13. Bxd4 Nc5 14. Bxc5 dxc5 15. e5 Qxd1 16. Raxd1 Nh5 17. Ng6 Be6 18. Nxf8 Kxf8 19. Bxe6 Rxe6 {1-0 (38) Vachier Lagrave,M (2783)-Ivanchuk,V (2757) Leuven 2017}) 5... Be7 6. g4 {[%cal Bg2g4,Bg4g5][%mdl 32] LiveBook: 7 Games. C41: Philidor Defence} c6 7. g5 Nh5 8. a3 {White is slightly better.} g6 9. Be3 Qc7 10. Qd2 Nb6 11. O-O-O $146 {[%mdl 2048] White is really pushing.} ({Predecessor:} 11. a4 Be6 12. d5 cxd5 13. exd5 {½-½ (99) Khamrakulov,D (2476)-Sadikhov,U (2467) Nakhchivan 2017}) 11... O-O 12. Nh4 ({White should try} 12. Be2 $16) 12... Be6 $11 13. f4 {[%cal Bf2f4,Bf4f5][%mdl 32]} Nc4 (13... exf4 $15 14. Bxf4 f5 15. gxf6 Nxf4 16. fxe7 Qxe7) 14. Bxc4 $1 $14 Bxc4 15. f5 d5 16. dxe5 {Black must now prevent f6.} Rfd8 17. Qf2 Qxe5 18. Nf3 Qc7 19. exd5 cxd5 20. Nd2 (20. Kb1 $16) 20... Ba6 21. Nb3 (21. Bxa7 $2 Rxa7 $1 {[%mdl 512]} 22. Nde4 (22. Qxa7 $2 Bc5 $19) 22... dxe4 $19) (21. Rg4 $16) 21... Bc4 (21... Bxa3 $5 22. Nxd5 (22. bxa3 Qxc3 23. Bd4 Qc7 $15) 22... Qe5 23. bxa3 Rxd5 $11) 22. Nd2 Ba6 $1 23. Bd4 ({Wrong is} 23. Bxa7 $2 {[#]} Rxa7 $1 {[%mdl 512]} 24. Nde4 (24. Qxa7 $2 {is the wrong capture.} Bc5 $19) 24... dxe4 $19) 23... Qf4 $1 24. f6 Bd6 {With the idea ...Qxf2.} 25. h4 Qxf2 26. Bxf2 Bf4 (26... d4 $5 27. Bxd4 Bf4 $11) 27. Bd4 Ng3 28. Kb1 Ne2 29. Nxe2 Bxe2 30. Rde1 Re8 31. Rg2 Bh5 32. Rf1 Bd6 33. Bg1 b6 34. Bh2 Bf8 35. Bf4 Rac8 36. Nb3 Be2 37. Re1 Bc4 38. Rgg1 a5 39. Bg3 h6 40. Bf2 hxg5 41. hxg5 a4 42. Nd2 b5 43. Be3 Re5 (43... Bd6 $11) 44. Nf3 $16 ({Much worse is} 44. Nxc4 dxc4 45. Bd4 Rxe1+ 46. Rxe1 Bd6 $14) 44... Rf5 45. Rg3 {Strongly threatening Rh3.} d4 $1 {[%cal Rd4e3]} 46. Nxd4 Rf1 47. Rxf1 Bxf1 48. Nf3 Re8 49. Bf4 Re4 50. Bc1 {And now Nd2 would win.} Bd6 51. Nd2 Bxg3 52. Nxe4 $14 {[%mdl 4096] Endgame KBB-KBN} Be5 53. Be3 Kf8 54. Bc5+ (54. Nc5 $5 {[%cal Rc5d7]} Ke8 55. b3 $16) 54... Ke8 55. Bd6 Bg2 (55... Bd4 {looks sharper.} 56. Bc5 Be5) 56. Bxe5 Bxe4 $11 {KB-KB} 57. Kc1 Kd7 58. Kd2 Kc6 59. Bf4 Bf5 60. Be3 Be4 61. Bf4 Bf5 62. Be3 {Precision: White = 55%, Black = 67%.} 1/2-1/2

[Event "Turkey IS Bank Super League 2017"]
[Site "Darica-Kocaeli"]
[Date "2017.08.04"]
[Round "10"]
[White "Heberla, Bartlomiej"]
[Black "Tirak, Mert"]
[Result "1-0"]
[WhiteElo "2577"]
[BlackElo "1909"]
[Annotator "TA"]
[PlyCount "55"]
[EventType "team-tourn"]
[EventCountry "TUR"]
[SourceTitle "playchess.com"]
[Source "ChessBase"]
[SourceQuality "1"]

{[%evp 9,55,31,21,21,29,26,38,39,36,22,26,22,17,15,16,15,19,5,8,8,36,29,45,33,56,41,51,42,40,44,79,65,78,80,84,72,84,63,60,64,147,167,231,211,210,210,251,246]} 1. e4 c5 2. Nc3 d6 3. f4 Nc6 4. Bb5 Nf6 (4... Bd7 5. Nf3 g6 6. O-O Bg7 7. d3 a6 8. Bxc6 Bxc6 9. Qe1 Qd7 10. Bd2 e6 11. Rb1 Ne7 12. a3 b5 13. b4 Bb7 14. Ne2 Rc8 15. Bc3 f6 16. Kh1 O-O 17. Qd2 Qc7 {0-1 (47) Anton Guijarro,D (2634)-Korobov,A (2700) Berlin 2015}) 5. Bxc6+ bxc6 6. d3 {B23: Closed Sicilian: Lines without g3} g6 7. Nf3 Bg4 8. O-O {White is slightly better.} Bg7 9. Qe1 (9. h3 $5 {[%cal Rh3g4]} Be6 10. e5 $11) 9... Bxf3 10. Rxf3 O-O 11. Bd2 $146 ({Predecessor:} 11. f5 e6 12. e5 Ng4 13. f6 Nxe5 14. fxg7 Nxf3+ 15. gxf3 Kxg7 16. b3 Qe7 17. Bb2 Kg8 18. Qg3 f5 19. f4 {0-1 (33) Stojanovic,D (2493)-Bogut,Z (2426) Neum 2014}) 11... Nd7 12. b3 e6 13. f5 exf5 14. exf5 Re8 15. Qg3 $1 Ne5 16. Rf2 d5 17. Raf1 Nd7 18. Ne2 {[%cal Bc3e2,Be2g3,Bg3h5,Bh5f6][%mdl 32]} Bf6 {Threatening ...Bh4.} 19. Qh3 g5 20. Kh1 Kg7 21. Ng3 h6 22. Nh5+ Kh7 23. Nxf6+ Qxf6 24. Qh5 Rg8 (24... Qg7 $1 $14) 25. Re2 $16 {Strongly threatening h4!} Rae8 (25... Kg7 $142) 26. Rxe8 $18 Rxe8 {[#]} 27. Bxg5 $1 {[%mdl 512]} Qxf5 {[%cal Rf5f1]} (27... Qxg5 28. Qxf7+) 28. Kg1 {Precision: White = 61%, Black = 54%.} ({Don't do} 28. Qxf7+ $6 Qxf7 29. Rxf7+ Kg6 $16) ({Don't play} 28. Qxh6+ $6 Kg8 $16) 1-0

[Event "Turkey IS Bank Super League 2017"]
[Site "Darica-Kocaeli"]
[Date "2017.08.04"]
[Round "10"]
[White "Muzychuk, Anna"]
[Black "Batsiashvili, Nino"]
[Result "1-0"]
[WhiteElo "2572"]
[BlackElo "2475"]
[Annotator "TA"]
[PlyCount "85"]
[EventType "team-tourn"]
[EventCountry "TUR"]
[SourceTitle "playchess.com"]
[Source "ChessBase"]
[SourceQuality "1"]

{[%evp 15,85,50,51,46,41,42,40,54,48,40,37,39,54,58,79,79,86,77,89,78,75,43,51,47,39,56,74,76,64,63,73,68,300,285,291,295,283,289,487,487,477,466,384,0,432,454,450,447,434,423,387,271,283,235,246,0,0,0,170,178,373,368,364,354,487,441,518,507,783,772,764,763]} 1. e4 e5 2. Nf3 Nc6 3. Bc4 Nf6 4. Ng5 d5 5. exd5 Na5 6. Bb5+ Bd7 7. Qe2 Bd6 8. Bxd7+ Qxd7 9. Nc3 {C58: Two Knights: 4 Ng5 d5 5 exd5 Na5 sidelines} O-O 10. O-O c6 11. dxc6 {White is slightly better.} Nxc6 12. d3 Nd4 13. Qd1 {[#]} Qg4 $146 ({Predecessor:} 13... Rac8 14. Be3 Ba3 15. Bxd4 exd4 16. Nge4 Nxe4 17. Nxe4 Bxb2 {0-1 (60) Sulskis,S (2555)-Beliavsky,A (2645) Koszalin 1998}) 14. f3 Qh5 15. Nge4 Nxe4 16. dxe4 Bc5 17. Be3 Rad8 18. Nd5 f5 $1 {[%cal Rf5e4] White must now prevent ...fxe4.} 19. Bxd4 Bxd4+ 20. Kh1 Bxb2 21. Rb1 $36 {[%mdl 2048] White is in control.} Bd4 22. Rxb7 fxe4 23. fxe4 {Hoping for Rxf8+.} Qh4 $2 (23... Qxd1 $14 24. Rxd1 Rf7 25. Rxf7 Kxf7) 24. Ne7+ $1 $18 {[%cal Bd5e7,Be7f5,Bf5d6,Bd6f7][%mdl 32]} Kh8 {[#]} 25. Nf5 $1 {[%cal Rf5h4]} (25. Nc6 Rde8 $16) 25... Qxe4 {[#]} 26. Nd6 $1 {[%cal Rd6e4][%mdl 512]} Qd5 $2 (26... Qg6 27. Nf7+ Rxf7 28. Rfxf7 Rg8) (26... Rxd6 27. Rxf8#) 27. Nf7+ Kg8 28. Nh6+ ({Weaker is} 28. Nxd8 Rxd8 29. Re7 Qd6 $18) 28... Kh8 29. Nf7+ Kg8 $1 30. Nxd8 Rxd8 31. Re7 Qd6 32. Rff7 e4 33. Qg4 {[%cal Rf7g7]} Qg6 34. Qe2 Bf6 {[#]} 35. Rxa7 $2 (35. Rd7 $1 $18 Qxf7 36. Rxf7 Kxf7 37. Kg1) 35... Qg5 $11 {( -> ...Qc1+)} 36. Qf1 {Rfd7 is the strong threat.} e3 $2 (36... Qf4 $11 37. Qg1 (37. Qxf4 $2 {gets mated.} Rd1+ 38. Qf1 Rxf1#) 37... e3) 37. Rfd7 $18 {Rxd8+ would kill now.} Re8 $2 (37... Rf8 {keeps fighting.}) 38. Rxg7+ ({Less strong is} 38. Qc4+ Kh8 $18) 38... Qxg7 39. Rxg7+ Bxg7 40. Qe2 {White is clearly winning.} Bh6 41. h4 Rd8 (41... Bg7 $142 42. Kg1 Kf8 43. Qf1+ Ke7) 42. Qc4+ Kh8 43. Qe6 {Precision: White = 91%, Black = 49%.} 1-0

[Event "Turkey IS Bank Super League 2017"]
[Site "Darica-Kocaeli"]
[Date "2017.08.04"]
[Round "10"]
[White "Tukhaev, Adam"]
[Black "Pantsulaia, Levan"]
[Result "1/2-1/2"]
[WhiteElo "2558"]
[BlackElo "2585"]
[Annotator "TA"]
[PlyCount "87"]
[EventType "team-tourn"]
[EventCountry "TUR"]
[SourceTitle "playchess.com"]
[Source "ChessBase"]
[SourceQuality "1"]

{[%evp 18,87,72,61,67,76,71,45,43,47,52,27,52,48,46,19,48,66,64,57,81,42,61,2,9,5,20,3,10,8,8,8,2,2,2,7,18,-15,0,0,0,0,0,0,0,0,0,0,0,-61,-68,-77,0,0,0,0,0,0,0,0,0,0,0,0,0,0,0,0,0,0,0,0]} 1. e4 c5 2. Nf3 e6 3. c3 Nf6 4. e5 Nd5 5. d4 cxd4 6. cxd4 b6 7. Bc4 Bb7 8. O-O Be7 9. Bxd5 Bxd5 10. Nc3 {LiveBook: 26 Games. B22: Sicilian: 2 c3} Na6 11. Nxd5 exd5 12. Bf4 {White is better.} O-O 13. Rc1 Nc7 14. Qa4 $146 ({Find the theoretical novelty and annotate with similar games:} 14. Qb3 d6 15. Rfe1 Qd7 16. Qa3 Nb5 17. Qb3 Nc7 18. Qa3 Nb5 19. Qb3 {½-½ (19) Can,E (2498)-Zubarev,A (2597) Rethymno 2011}) 14... a5 15. Qb3 b5 16. Bg5 Bxg5 17. Nxg5 h6 18. Nf3 b4 19. Rc5 Ra7 20. a4 (20. Rd1 $14) 20... bxa3 $11 21. bxa3 Qa8 22. Rb1 a4 23. Qb6 Ne6 24. Rc2 Ra6 25. Qb7 Rc6 26. Rxc6 dxc6 27. Qb6 Rc8 28. h4 c5 29. dxc5 Rxc5 30. Nd4 Qc8 31. Nxe6 fxe6 {[%mdl 4096] Endgame KQR-KQR} 32. Kh2 Kh7 33. Qa7 (33. Qd6 $11) 33... Qf8 $1 $15 {[%cal Rf8f2]} 34. Rb4 $1 Rc4 (34... Qxf2 $17 {Threatens to win with ...Qe3.} 35. Rg4 Qf8 36. Qxa4 Qb8) 35. Rxc4 $11 {The position is equal.} dxc4 36. Qxa4 {KQ-KQ} Qf4+ 37. Kg1 Qc1+ 38. Kh2 h5 39. Qc6 Qf4+ 40. Kg1 Qc1+ 41. Kh2 c3 42. Qe4+ Kh6 43. Qc4 Kh7 44. Qe4+ {Precision: White = 60%, Black = 63%.} 1/2-1/2

[Event "Turkey IS Bank Super League 2017"]
[Site "Darica-Kocaeli"]
[Date "2017.08.04"]
[Round "10"]
[White "Dastan, Muhammed Batuhan"]
[Black "Aydin, Hasan Bora"]
[Result "1-0"]
[WhiteElo "2529"]
[BlackElo "1978"]
[Annotator "TA"]
[PlyCount "33"]
[EventType "team-tourn"]
[EventCountry "TUR"]
[SourceTitle "playchess.com"]
[Source "ChessBase"]
[SourceQuality "1"]

{[%evp 10,33,33,32,95,86,136,145,142,144,141,91,154,63,98,104,112,55,74,17,62,61,322,290,434,431]} 1. e4 c5 2. Nf3 Nc6 3. c3 d5 4. exd5 Qxd5 5. d4 Bf5 6. Be3 O-O-O {B22: Sicilian: 2 c3} (6... cxd4 $14 7. cxd4 e6) (6... Nf6 7. Qb3 cxd4 8. Nxd4 Nxd4 9. Bxd4 a6 10. Nd2 e6 11. Be2 O-O-O 12. Nc4 Bc5 13. O-O Be4 14. Rfd1 {1-0 (32) Jones,G (2676)-Pichot,A (2556) Sharjah 2017}) 7. Nbd2 Nf6 {[%cal Rc5d4]} 8. Bc4 Qd7 {White is clearly better.} 9. O-O ({Much less strong is} 9. dxc5 $6 e6 $14) 9... e6 {[%cal Rc5d4]} 10. Bb5 Ng4 (10... Qc7 $142) 11. Nc4 $146 (11. Bf4 $16) ({Predecessor:} 11. h3 Nxe3 12. fxe3 f6 13. Nh4 Bg6 14. Nxg6 hxg6 {0-1 (61) Sezdbekov,R (2043)-Taalaibekov,T (2148) Bishkek 2016}) 11... Nxe3 12. fxe3 f6 13. b4 ({White should try} 13. Qa4 $16) 13... cxb4 $14 {[#]} 14. cxb4 (14. Na5 $1 $16) 14... Kb8 ({Wrong is} 14... Bxb4 $2 15. Qa4 $18) 15. Na5 {aiming for Rc1.} Bxb4 $2 {[%mdl 8192] [#]} (15... Be4 $14) 16. Bxc6 $1 $18 bxc6 (16... Qc8 $142) 17. Qb3 {Precision: White = 29%, Black = 14%.} 1-0

[Event "Turkey IS Bank Super League 2017"]
[Site "Darica-Kocaeli"]
[Date "2017.08.04"]
[Round "10"]
[White "Ali Marandi, Cemil Can"]
[Black "Solak, Dragan"]
[Result "1/2-1/2"]
[WhiteElo "2526"]
[BlackElo "2624"]
[Annotator "TA"]
[PlyCount "205"]
[EventType "team-tourn"]
[EventCountry "TUR"]
[SourceTitle "playchess.com"]
[Source "ChessBase"]
[SourceQuality "1"]

{[%evp 13,205,8,11,0,0,0,13,18,18,15,10,6,14,17,40,36,24,0,12,0,0,0,0,5,26,30,48,53,51,41,65,45,75,63,67,10,131,73,83,90,70,-17,5,-104,-58,-90,0,-1,0,0,-6,-6,169,191,188,127,183,185,183,183,181,163,169,121,180,185,200,193,241,241,344,180,177,119,119,94,104,0,111,90,125,112,118,116,185,113,112,104,104,104,104,104,127,127,127,127,127,110,180,180,180,192,177,112,157,105,113,105,105,105,105,105,105,105,111,0,127,119,119,111,104,0,119,119,200,200,225,225,225,225,225,225,225,225,225,225,225,225,225,225,225,225,225,225,225,0,225,225,225,225,226,225,226,225,225,225,225,225,225,220,214,197,214,197,197,197,197,197,225,197,197,59,59,59,59,59,59,59,59,59,59,59,59,59,59,59,59,59,59,59,59,0,0,0]} 1. d4 d5 2. c4 c6 3. cxd5 cxd5 4. Bg5 h6 (4... Nc6 5. Nc3 Nf6 6. Bxf6 gxf6 7. e3 a6 8. Rc1 Bf5 9. Bd3 Bg6 10. f4 f5 11. h4 h5 12. Nf3 e6 13. Na4 f6 {½-½ (39) Grischuk,A (2761)-Carlsen,M (2832) Paris 2017}) 5. Bh4 Qb6 6. Nc3 {D10: Slav Defence: 3 cxd5 (without early Nf3) and 3 Nc3} e6 7. Qd2 Ne7 {LiveBook: 6 Games} 8. e3 $146 ({Predecessor:} 8. f3 Nbc6 9. Rd1 Nf5 10. Bf2 Bb4 11. e4 Nfe7 {1-0 (54) Artemiev,V (2653)-Dreev,A (2652) Moscow 2016}) 8... Nf5 9. Bg3 Nc6 10. Bd3 {With the idea Bxf5.} Nxg3 11. hxg3 Bd7 12. Rc1 Bd6 13. Nf3 Qd8 14. g4 Qe7 15. Kf1 (15. g5 $5) 15... O-O-O 16. g3 Kb8 17. Kg2 Rc8 18. a3 Ka8 19. b4 Nb8 20. e4 dxe4 21. Bxe4 Rhd8 22. Rhe1 Rc7 23. d5 e5 24. Bf5 (24. Qe3 $14) 24... Be8 (24... Bxf5 $1 $11 {keeps the balance.} 25. gxf5 Nd7) 25. Qe3 (25. Nxe5 $142 $1 Bxe5 26. f4) 25... g6 $16 26. Bb1 Bd7 27. b5 ({White should try} 27. Nxe5 $14 Qxe5 28. Qxe5 Bxe5 29. Rxe5) 27... Bxg4 {Hoping for ...Bc5.} 28. b6 (28. Nxe5 $11 Bd7 29. f4) 28... Bxf3+ 29. Kxf3 axb6 (29... Rc5 $17 {Strongly threatening ...a6.} 30. bxa7 Nd7) 30. Qxb6 $11 Bc5 31. Qa5+ Na6 {...Qf6+ is the strong threat.} 32. Kg2 $1 Bxa3 $2 {[#]} (32... Kb8 $11) 33. d6 $1 $18 {[%cal Rd6e7][%mdl 512]} Qxd6 (33... Bxd6 34. Nd5) 34. Nb5 (34. Rcd1 $18 Bb4 35. Rxd6 Rxd6 36. Qxe5 Rxc3 37. Rh1) 34... Rxc1 (34... Bxc1 $16 35. Nxd6 Rxd6) 35. Nxd6 Rxd6 {[#]} 36. Rxc1 $1 ({Resist} 36. Qxe5 $6 Rxe1 37. Qxe1 Ka7 $16) ({But not} 36. Rxe5 $6 Bc5 $16) 36... Bxc1 37. Qxe5 Rb6 38. Bd3 Bb2 (38... Ka7 $16 39. Bc4 f5) 39. Qe3 Ka7 40. Qxh6 Nc5 41. Bc4 {[%mdl 1024] White has strong compensation.} Ne4 (41... f6 {keeps fighting.} 42. Qxg6 Bd4) 42. Qe3 (42. Bxf7 $142 g5 43. Qh7) 42... Nd6 43. Bd3 (43. Ba2 $18) 43... Bf6 $16 44. Qe1 Kb8 45. Qe3 (45. Bc2 $16) 45... Bd8 (45... Ka7 $1 $11) 46. Qd4 Bc7 47. Be2 Rc6 48. Bf3 Rc4 (48... Rb6 $16 49. Qh8+ Ka7) 49. Qd3 (49. Qh8+ $18 Ka7 50. Qf6) 49... Rc5 50. Bd5 Ra5 51. Bb3 Re5 52. Qd4 Rb5 53. Qh8+ Ka7 54. Qc3 Kb8 55. Bc2 Rb6 (55... Bd8 $16 56. Qh8 Kc7) 56. Qh8+ $18 Ka7 57. Qg7 Kb8 58. Bd1 (58. Qf8+ $18 Ka7 59. Qe7) 58... Rb5 {[#]} 59. Bf3 (59. Ba4 $142 $1 {[%cal Ra4b5]} Rf5 60. Bb3) 59... Ra5 60. Qh8+ Ka7 61. Qd4+ Kb8 62. Bd5 Rb5 63. Ba2 Ra5 64. Bb3 Rb5 $1 {[%cal Rb5b3]} 65. Qe3 {And now Bxf7! would win.} Rb6 66. Qf3 Rb5 67. Qe3 {Threatens to win with Bxf7!} Rb6 $1 68. Bd5 Rb2 (68... Bd8 $16 69. Qd4 Bc7) 69. Qe7 Rc2 70. Bxf7 Nxf7 71. Qxf7 {[%mdl 4096] Endgame KQ-KRB} Rc6 72. Qe8+ Ka7 73. f4 Ba5 74. Kf3 Bc3 75. g4 Ba1 76. g5 Bc3 77. Ke4 Ba1 78. Kd3 Rd6+ 79. Ke4 Rc6 $1 80. Qf7 Bc3 81. Kd3 Ba1 82. Qd7 Ra6 83. Kc2 Rc6+ 84. Kb1 Bc3 85. Qd5 Kb8 86. Qd8+ Ka7 87. Qd7 Kb8 88. f5 gxf5 89. Qxf5 Ka7 90. Qf7 Ka8 91. g6 Bf6 92. g7 (92. Ka2 $18) 92... Bxg7 $14 93. Qxg7 {KQ-KR} Ra6 94. Kb2 Rc6 95. Kb3 Ra6 96. Kb4 Rc6 97. Kb5 Ra6 98. Qf8+ Ka7 99. Qd8 Rc6 100. Qd7 $1 Rb6+ 101. Kc5 (101. Ka4 $5 {[%cal Rd7d4]} Ra6+ 102. Kb5 $11) 101... Rc6+ 102. Qxc6 ({Better is} 102. Kd4 $14) 102... bxc6 $11 103. Kxc6 {Precision: White = 67%, Black = 49%.} 1/2-1/2

[Event "Turkey IS Bank Super League 2017"]
[Site "Darica-Kocaeli"]
[Date "2017.08.04"]
[Round "10"]
[White "Vorontsov, Pavlo"]
[Black "Cheparinov, Ivan"]
[Result "1/2-1/2"]
[WhiteElo "2510"]
[BlackElo "2703"]
[Annotator "TA"]
[PlyCount "60"]
[EventType "team-tourn"]
[EventCountry "TUR"]
[SourceTitle "playchess.com"]
[Source "ChessBase"]
[SourceQuality "1"]

{[%evp 9,60,25,33,31,32,31,18,21,46,35,39,24,25,26,19,21,35,28,17,12,8,13,36,33,40,44,38,40,53,47,43,35,32,37,26,34,27,0,0,0,0,0,4,-22,0,0,10,7,42,42,43,45,32]} 1. Nf3 f5 2. d4 Nf6 3. Bf4 b6 4. e3 Bb7 5. Be2 e6 6. O-O {A80: Dutch Defence: Unusual White second moves} Be7 7. h3 O-O 8. c4 {The position is equal.} Kh8 $146 ({Find the theoretical novelty and annotate with similar games:} 8... Ne4 9. Nfd2 Nxd2 10. Nxd2 d6 11. Bf3 Bxf3 12. Nxf3 Nd7 13. Qa4 a5 {½-½ (30) Shankland,S (2656)-Ivanchuk,V (2733) Edmonton 2015}) 9. Nc3 d6 10. b4 Ne4 11. Nxe4 fxe4 12. Nd2 e5 13. Bg3 exd4 14. exd4 Bf6 15. Rc1 Bxd4 {[#]} 16. Nxe4 $1 {[%mdl 512]} Bb2 $1 (16... Bxe4 17. Qxd4) 17. Rb1 {[%cal Re4d6] Hoping for Nxd6.} Bxe4 18. Rxb2 Nc6 19. Rb3 Qf6 20. Re1 {Black must now prevent Re3.} (20. Re3 $5 {[%cal Re3e4]} Rae8 21. Re1 $11) 20... Rae8 21. Re3 Bg6 22. Rxe8 Rxe8 23. Bf3 {[#] Threatens to win with Rxe8+.} Rxe1+ 24. Qxe1 Nd4 {aiming for ...Qxf3!} 25. Bd1 h6 26. f3 (26. c5 $5) 26... Qf5 27. Qd2 Nc6 28. a3 Qd3 29. Qxd3 Bxd3 30. c5 dxc5 {Precision: White = 72%, Black = 62%.} 1/2-1/2

[Event "Turkey IS Bank Super League 2017"]
[Site "Darica-Kocaeli"]
[Date "2017.08.04"]
[Round "10"]
[White "Asadli, Vugar"]
[Black "Abasov, Nijat"]
[Result "0-1"]
[WhiteElo "2457"]
[BlackElo "2577"]
[Annotator "TA"]
[PlyCount "128"]
[EventType "team-tourn"]
[EventCountry "TUR"]
[SourceTitle "playchess.com"]
[Source "ChessBase"]
[SourceQuality "1"]

{[%evp 10,128,8,0,16,22,43,14,10,0,0,0,0,0,0,0,8,0,0,-16,0,0,0,-13,-8,-64,-12,-22,-19,-12,-14,-23,-19,-18,-13,-8,-15,-23,-23,-24,-24,-31,-22,-37,-22,-40,-53,-56,-67,-60,-58,-116,-119,-117,-116,-143,-140,-140,-139,-180,-175,-180,-112,-161,-120,-120,-120,-120,-120,-120,-118,-120,-120,-120,-120,-120,-120,-129,-129,-151,-148,-155,-131,-158,-134,-172,-175,-124,-155,-341,-319,-322,-293,-235,-72,-72,-72,-72,-72,-72,-72,-72,-72,-72,-152,-152,-152,-625,-452,-473,-401,-5624,-5624,-12823,-5608,-29976,-29977,-29975,-29972,-29998,-29999]} 1. e4 c5 2. Nf3 d6 3. Nc3 Nf6 4. e5 dxe5 5. Nxe5 a6 6. a4 Nbd7 {B50: Sicilian: 2...d6, Miscellaneous} (6... Be6 {with more complications.} 7. f4 Qd6 8. Be2 Nbd7 9. Nxd7 Bxd7 10. d3 Bc6) (6... Qc7 7. Nc4 Nc6 8. d3 Nd4 9. Ne2 Nxe2 10. Bxe2 Bf5 11. Bf3 Rd8 12. Bd2 b6 13. Qe2 e6 14. Bc3 Nd7 {1-0 (22) Mamedov,R (2688)-Wojtaszek,R (2749) Tallinn 2016}) 7. Nc4 e6 8. Be2 (8. a5 {keeps more tension.} Be7 9. d3 O-O 10. Be2 Qc7 11. O-O) 8... Nb6 {The position is equal.} 9. Nxb6 Qxb6 10. O-O Bd7 $146 ({Predecessor:} 10... Bd6 11. Bf3 Bd7 12. Re1 Qc7 13. h3 O-O-O 14. d3 {1-0 (47) Nuri,M (2097)-Boscolo,F (2328) Prague 2012}) 11. d3 Rd8 12. Bf3 Bc6 13. Bxc6+ Qxc6 14. Bg5 Be7 15. Qe2 h6 16. Bh4 Rd4 17. Bxf6 (17. Bg3 $1 $11) 17... Bxf6 (17... gxf6 $15 18. a5 f5) 18. Ne4 $11 {[%cal Bc3e4,Be4d2,Bd2c4,Bc4e3][%mdl 32]} Be7 19. b3 O-O 20. Rfe1 Rfd8 21. Qf3 R8d7 22. Re2 Bd8 23. Nd2 R4d5 24. a5 Bf6 25. Ra4 Qc7 26. Nc4 Rd8 27. Ne3 Rd4 28. Rxd4 Bxd4 29. Nc4 Bc3 30. Qg3 (30. g3 $15) 30... Bxa5 $17 31. Nxa5 Qxa5 {[%mdl 4096] Endgame KQR-KQR} 32. h4 b5 33. Qe5 Rd5 34. Qe4 Qa1+ 35. Kh2 Qd4 ({Black should play} 35... Qd1 $19 36. g3 a5) 36. g3 Qxe4 37. Rxe4 $19 {KR-KR} Kf8 38. Kg2 Ke7 39. Re1 Kd7 40. Kf3 Kc6 41. Ra1 Kb6 42. Ke3 a5 43. c4 Rd4 44. Rb1 h5 45. f4 f6 46. Kd2 e5 47. Ke3 {[#]} a4 $1 {[%mdl 512]} 48. bxa4 b4 49. Rf1 $2 (49. fxe5 $17 fxe5 50. Rf1) 49... Ka5 $1 50. fxe5 fxe5 51. Rf5 b3 $2 (51... Kxa4 $19 52. Rxe5 Rg4 53. Rxc5 Rxg3+ 54. Ke4 Rg4+ 55. Ke3 Rxh4) 52. Rxe5 $17 Kb4 53. Kd2 {[#]} Rd8 $1 {[%cal Rd8f8]} 54. Re6 {Black must now prevent Rb6+.} Rb8 {Threatens to win with ...Ka3.} ({Don't blunder} 54... Kxa4 $2 55. Kc3 $18) 55. a5 Kxa5 56. Kc1 Rd8 57. Kd2 {[#]} b2 $1 {[%cal Rb2b1]} 58. Re1 $2 (58. Kc2 $17) 58... Rb8 59. Kc2 {Black should prevent Rb1.} Ka4 60. Rd1 (60. Kb1 $142 Kb3 61. Re7) 60... Ka3 $19 61. Kb1 Rd8 62. Rd2 Re8 {Black mates.} 63. Rd1 Kb3 64. Rf1 Ra8 {Precision: White = 41%, Black = 72%.} 0-1